Undeniably 80s Music - Statistics

General Stats
  • This quiz has been taken 1,323 times
  • The average score is 10 of 20
Answer Stats
Lyrics Song Title % Correct
Just a city boy, born and raised in south Detroit He took the midnight train goin' anywhere Don't Stop Believin'
84%
It's gonna take a lot to drag me away from you There's nothing that a hundred men or more could ever do I bless the rains down in... Africa
79%
Harry Truman, Doris Day, Red China, Johnnie Ray South Pacific, Walter Winchell, Joe DiMaggio We Didn't Start the Fire
76%
Never gonna let you down, never gonna run around and desert you Never gonna make you cry, never gonna say goodbye Never Gonna Give You Up
70%
Who am I to disagree, I travel the world and the seven seas Everybody's looking for something Sweet Dreams (Are Made of This)
62%
Once upon a time I was falling in love But now I'm only falling apart, there's nothing I can do... Total Eclipse of the Heart
61%
What's love but a second-hand emotion? ...... Who needs a heart when a heart can be broken? What's Love Got to Do with It
60%
Oh, can't you see you belong to me? How my poor heart aches with every step you take? Every Breath You Take
59%
Life is a mystery, everyone must stand alone I hear you call my name and it feels like home Like a Prayer
55%
Welcome to your life, there's no turning back Even while we sleep, we will find you Acting on your best behavior Everybody Wants to Rule the World
50%
And you give yourself away, and you give yourself away And you give, and you give, and you give yourself away With or Without You
46%
Six o'clock already, I was just in the middle of a dream I was kissin' Valentino by a crystal-blue, Italian stream Manic Monday
43%
Lying in my bed, I hear the clock tick and think of you Caught up in circles, confusion is nothing new Flashback, warm nights almost left behind Time After Time
42%
I'm gonna make a change for once in my life It's gonna feel real good, gonna make a difference Gonna make it right Man In the Mirror
37%
Hey now, hey now, when the world comes in They come, they come, to build a wall between us We know they won't win Don't Dream It's Over
36%
Just like the white winged dove sings a song Sounds like she's singing, I said ooh, baby, ooh, said ooh Edge of Seventeen
30%
She'll get a hold on you, believe it Like no other, before you know it you'll be on your knees Easy Lover
29%
I bought a ticket to the world, but now I've come back again Why do I find it hard to write the next line? I want the truth to be said True
28%
Don't ask me what you know is true Don't have to tell you I love your precious heart Never Tear Us Apart
19%
I'll never find another girl like you, for happy endings it takes two We're fire and ice, the dream won't come true Sara
6%
No matching quizzes found
Score Distribution
Percent of People with Each Score
Percentile by Number Answered
Your Score History
You have not taken this quiz